[Event "Caribean-chT 24th"]
[Site "San Salvador"]
[Date "2023.07.06"]
[Round "12.2"]
[White "Ibarra Chami, Luis Fernando"]
[Black "Lee, Hayden"]
[Result "1-0"]
[WhiteElo "2450"]
[BlackElo "1757"]
[PlyCount "53"]
[EventDate "2023.07.06"]
[EventType "tourn"]
[EventRounds "15"]
[EventCountry "ESA"]
[SourceTitle "CBM 215 Extra"]
[Source "ChessBase"]
[SourceDate "2023.09.30"]
[SourceVersion "1"]
[SourceVersionDate "2023.09.30"]
[SourceQuality "1"]
[WhiteTeam "Mexico"]
[BlackTeam "Trinidad and Tobago"]
[WhiteTeamCountry "MEX"]
[BlackTeamCountry "TRI"]

1. e4 c5 2. Nc3 e6 3. Nf3 a6 4. d4 cxd4 5. Nxd4 b5 6. g3 Bb7 7. Bg2 Qc7 8. 0-0 Nf6 9. a3 d6 10. Re1 Nbd7 11. a4 b4 12. Nd5 exd5 13. exd5+ Be7 14. Nf5 Ne5 15. Nxg7+ Kf8 16. Nf5 h5 17. Nxe7 Qxe7 18. f4 Nfg4 19. fxe5 dxe5 20. d6 Qd7 21. Bg5 Bxg2 22. Be7+ Ke8 23. Kxg2 Qc6+ 24. Qf3 Qxc2+ 25. Re2 e4 26. Qxg4 hxg4 27. Rxc2 1-0

[Event "Caribean-chT Rapid 24th"]
[Site "San Salvador"]
[Date "2023.07.04"]
[Round "6.2"]
[White "Lee, Hayden"]
[Black "Arvelo Leo, Gian Carlo"]
[Result "0-1"]
[WhiteElo "1856"]
[BlackElo "2075"]
[PlyCount "88"]
[EventDate "2023.07.03"]
[EventType "tourn (rapid)"]
[EventRounds "15"]
[EventCountry "ESA"]
[SourceTitle "CBM 215 Extra"]
[Source "ChessBase"]
[SourceDate "2023.09.30"]
[SourceVersion "1"]
[SourceVersionDate "2023.09.30"]
[SourceQuality "1"]
[WhiteTeam "Trinidad and Tobago"]
[BlackTeam "Dominican Republic"]
[WhiteTeamCountry "TRI"]
[BlackTeamCountry "DOM"]

1. d4 d5 2. Nf3 Nf6 3. e3 Bg4 4. Nbd2 e6 5. Bd3 Nbd7 6. h3 Bh5 7. 0-0 Bd6 8. b3 0-0 9. Bb2 a5 10. c4 c6 11. Qc2 Bg6 12. Ne5 Bxd3 13. Qxd3 Qb8 14. f4 Rc8 15. Rac1 a4 16. g4 axb3 17. g5 Bxe5 18. fxe5 Nh5 19. axb3 b5 20. cxd5 cxd5 21. e4 Rxc1 22. Bxc1 Qd8 23. h4 Nf8 24. Qf3 dxe4 25. Qxf7+ Kh8 26. Qxh5 Qxd4+ 27. Rf2 e3 28. Qf7 exf2+ 29. Qxf2 Qg4+ 30. Kh2 Ng6 31. Nf3 Rf8 32. Qg2 Qxf3 33. Qxf3 Rxf3 34. h5 Ne7 35. Ba3 Nd5 36. h6 gxh6 37. gxh6 Rxb3 38. Bf8 Kg8 39. Bd6 Rd3 40. Kg2 b4 41. Kf2 b3 42. Ke2 Rd4 43. Ba3 Ra4 44. Bc1 Rc4 0-1

[Event "Caribean-chT Rapid 24th"]
[Site "San Salvador"]
[Date "2023.07.04"]
[Round "9.2"]
[White "Leon Archibaldo, Orlando Andres"]
[Black "Lee, Hayden"]
[Result "1-0"]
[WhiteElo "2182"]
[BlackElo "1856"]
[PlyCount "89"]
[EventDate "2023.07.03"]
[EventType "tourn (rapid)"]
[EventRounds "15"]
[EventCountry "ESA"]
[SourceTitle "CBM 215 Extra"]
[Source "ChessBase"]
[SourceDate "2023.09.30"]
[SourceVersion "1"]
[SourceVersionDate "2023.09.30"]
[SourceQuality "1"]
[WhiteTeam "Panama"]
[BlackTeam "Trinidad and Tobago"]
[WhiteTeamCountry "PAN"]
[BlackTeamCountry "TRI"]

1. d4 Nf6 2. Nc3 g6 3. e4 d6 4. Bf4 Bg7 5. Qd2 h5 6. Bc4 e6 7. Bb3 Nbd7 8. Nf3 b6 9. Bg5 e5 10. dxe5 dxe5 11. 0-0-0 0-0 12. Nxe5 Qe8 13. Nxg6 Nc5 14. Nxf8 Nxb3+ 15. axb3 Qxf8 16. f3 Be6 17. h3 a5 18. g4 a4 19. bxa4 Qb4 20. Qd4 Qxd4 21. Rxd4 Nxg4 22. Rd8+ Rxd8 23. Bxd8 Nf2 24. Rh2 Nxh3 25. Bxc7 Bd4 26. Ne2 Be3+ 27. Kb1 h4 28. f4 Bg4 29. Rg2 Nf2 30. Nc3 h3 31. Rh2 Bf3 32. Nd5 Bd4 33. Be5 Bc5 34. b4 Bg2 35. bxc5 Ng4 36. Nf6+ Nxf6 37. Bxf6 bxc5 38. a5 Kh7 39. f5 Kh6 40. e5 Kh5 41. a6 Kg4 42. e6 fxe6 43. fxe6 Kf5 44. e7 Bc6 45. a7 1-0

[Event "Caribean-chT Rapid 24th"]
[Site "San Salvador"]
[Date "2023.07.03"]
[Round "2.2"]
[White "Lee, Hayden"]
[Black "Etienne, Angelo"]
[Result "0-1"]
[WhiteElo "1856"]
[BlackElo "2080"]
[PlyCount "61"]
[EventDate "2023.07.03"]
[EventType "tourn (rapid)"]
[EventRounds "15"]
[EventCountry "ESA"]
[SourceTitle "CBM 215 Extra"]
[Source "ChessBase"]
[SourceDate "2023.09.30"]
[SourceVersion "1"]
[SourceVersionDate "2023.09.30"]
[SourceQuality "1"]
[WhiteTeam "Trinidad and Tobago"]
[BlackTeam "Haiti"]
[WhiteTeamCountry "TRI"]
[BlackTeamCountry "HAI"]

1. d4 Nf6 2. Nf3 e6 3. e3 d5 4. Bd3 c5 5. b3 Be7 6. Bb2 0-0 7. 0-0 Nbd7 8. Nbd2 b6 9. Ne5 Bb7 10. f4 Ne4 11. Rf3 cxd4 12. exd4 f6 13. Nxd7 Qxd7 14. Rh3 Qd6 15. Qh5 h6 16. Nxe4 dxe4 17. Bc4 Bd5 18. Bxd5 exd5 19. a4 f5 20. Ba3 Qd7 21. Bb2 Rac8 22. Rc1 Qd6 23. c4 Qxf4 24. Rf1 Qg5 25. Qe2 f4 26. cxd5 Qxd5 27. Rh5 Rf5 28. Rxf5 Qxf5 29. Ba1 Bf6 30. Qd2 e3 31. Qxe3 0-1

[Event "TTO-ch"]
[Site "Port of Spain"]
[Date "2019.09.14"]
[Round "8"]
[White "Lee, Hayden"]
[Black "Soondarsingh, Dev"]
[Result "1-0"]
[WhiteElo "1888"]
[BlackElo "2030"]
[PlyCount "153"]
[EventDate "2019.08.31"]
[EventType "tourn"]
[EventRounds "11"]
[EventCountry "TRI"]
[SourceTitle "EXT 2020"]
[Source "ChessBase"]
[SourceDate "2019.10.17"]
[SourceVersion "1"]
[SourceVersionDate "2019.10.17"]
[SourceQuality "1"]

1. d4 d5 2. Nf3 c5 3. e3 Nf6 4. b3 Nc6 5. Bb2 cxd4 6. exd4 g6 7. Be2 Bg7 8. a3 0-0 9. 0-0 b6 10. Nbd2 Bb7 11. Bd3 Rc8 12. Qe2 Nh5 13. g3 Re8 14. Rad1 Qd7 15. Rfe1 Qg4 16. Qe3 Nf6 17. Be2 Qh3 18. Ng5 Qd7 19. Bf1 h6 20. Bh3 e6 21. Ngf3 Qc7 22. Rc1 Qb8 23. Ne5 Nxe5 24. dxe5 Nd7 25. b4 b5 26. Bd4 a6 27. c3 Qc7 28. f4 Rb8 29. g4 Bc8 30. Re2 Nb6 31. Bc5 Rb7 32. Rf1 Na4 33. Bd4 Nb2 34. Bc5 Na4 35. Bd4 Nb2 36. f5 Nc4 37. Nxc4 Qxc4 38. f6 Bf8 39. Rf4 Qb3 40. Bc5 Bxc5 41. bxc5 Qxa3 42. Rb4 Kh7 43. c6 Rc7 44. Qb6 Rce7 45. fxe7 Qxc3 46. Qf2 Kg8 47. Rf4 Rxe7 48. Bg2 Qxc6 49. h4 Rc7 50. Kh2 a5 51. h5 g5 52. Rf6 Kg7 53. Re3 Qc2 54. Re2 Qb1 55. Rf3 b4 56. Rfe3 b3 57. Qf6+ Kh7 58. Re1 Qa2 59. Kg1 b2 60. Bf1 b1Q 61. Bd3+ Qxd3 62. Rxd3 Ba6 63. Rf3 d4 64. Qd8 Qc2 65. Qf8 Bc4 66. Rxf7+ Rxf7 67. Qxf7+ Kh8 68. Qf6+ Kh7 69. Qe7+ Kh8 70. Qd8+ Kh7 71. Qxd4 Bd5 72. Qf2 Qc3 73. Rf1 Qxe5 74. Qa7+ Kg8 75. Qf7+ Kh8 76. Qf8+ Kh7 77. Rf7+ 1-0

[Event "TTO-ch"]
[Site "Port of Spain"]
[Date "2019.09.07"]
[Round "4"]
[White "Lee, Hayden"]
[Black "Johnson, Joshua"]
[Result "1-0"]
[WhiteElo "1888"]
[BlackElo "2241"]
[PlyCount "111"]
[EventDate "2019.08.31"]
[EventType "tourn"]
[EventRounds "11"]
[EventCountry "TRI"]
[SourceTitle "EXT 2020"]
[Source "ChessBase"]
[SourceDate "2019.10.17"]
[SourceVersion "1"]
[SourceVersionDate "2019.10.17"]
[SourceQuality "1"]

1. d4 Nf6 2. Nf3 e6 3. e3 b6 4. Bd3 Bb7 5. 0-0 c5 6. b3 Nc6 7. a3 cxd4 8. exd4 Be7 9. Bb2 0-0 10. Nbd2 Re8 11. Ne5 d6 12. Ng4 Nxg4 13. Qxg4 f5 14. Qh3 Bf6 15. Nf3 Ne7 16. Rae1 Ng6 17. Bc4 Qd7 18. Bc1 Nf8 19. Bg5 Bxf3 20. Bxf6 Be4 21. Qg3 Ng6 22. Bg5 Bxc2 23. h4 Be4 24. h5 Nf8 25. Re3 b5 26. Be2 Rab8 27. Bh6 Kh8 28. Bf4 Rb6 29. Rc1 Qe7 30. Bg5 Qd7 31. Rec3 Rc6 32. h6 Rxc3 33. Rxc3 e5 34. hxg7+ Qxg7 35. Rc7 f4 36. Rxg7 fxg3 37. Bf6 Re6 38. Rg6+ Rxf6 39. Rxf6 Kg7 40. Rxd6 exd4 41. Rxd4 gxf2+ 42. Kxf2 Bc2 43. b4 Ba4 44. Bd1 Bxd1 45. Rxd1 Kf7 46. Rd8 Ne6 47. Rd7+ Kg6 48. Rxa7 h5 49. Ke3 Kg5 50. Rb7 Kg4 51. Rxb5 h4 52. Rb8 Kg3 53. Rg8+ Kh2 54. Rg4 h3 55. gxh3 Kxh3 56. Rc4 1-0

[Event "TTO-ch"]
[Site "Port of Spain"]
[Date "2019.09.07"]
[Round "5"]
[White "Ramoutar, Alan Safar"]
[Black "Lee, Hayden"]
[Result "1-0"]
[WhiteElo "2171"]
[BlackElo "1888"]
[PlyCount "49"]
[EventDate "2019.08.31"]
[EventType "tourn"]
[EventRounds "11"]
[EventCountry "TRI"]
[SourceTitle "EXT 2020"]
[Source "ChessBase"]
[SourceDate "2019.10.17"]
[SourceVersion "1"]
[SourceVersionDate "2019.10.17"]
[SourceQuality "1"]

1. e4 d6 2. d4 Nd7 3. Nc3 e5 4. Nf3 Ngf6 5. Bc4 Be7 6. a4 a5 7. Ng5 0-0 8. Bxf7+ Rxf7 9. Ne6 Qe8 10. Nxc7 Qd8 11. Nxa8 b6 12. Nb5 Nxe4 13. 0-0 Bh4 14. f3 Ng5 15. Nxd6 Ba6 16. Bxg5 Bxg5 17. Nxf7 Kxf7 18. dxe5 Ke8 19. Qd5 Be3+ 20. Kh1 Qc8 21. Rfd1 Bc4 22. Qd6 b5 23. Nc7+ Kd8 24. Ne6+ Ke8 25. Nxg7+ 1-0

[Event "De Verteuil Memorial 26th"]
[Site "Port of Spain"]
[Date "2018.11.08"]
[Round "6"]
[White "Bowles, Andrew"]
[Black "Lee, Hayden"]
[Result "1-0"]
[WhiteElo "1755"]
[BlackElo "1877"]
[PlyCount "118"]
[EventDate "2018.10.04"]
[EventType "swiss"]
[EventRounds "7"]
[EventCountry "TRI"]
[SourceTitle "CBM 187 Extra"]
[Source "ChessBase"]
[SourceDate "2018.11.04"]
[SourceVersion "1"]
[SourceVersionDate "2018.11.04"]
[SourceQuality "1"]

1. e4 d6 2. d4 Nd7 3. Nf3 g6 4. Nc3 Bg7 5. Bc4 h6 6. e5 e6 7. exd6 cxd6 8. 0-0 a6 9. Re1 Ne7 10. Bf4 Nb6 11. Bb3 0-0 12. Ne4 d5 13. Ned2 g5 14. Be5 f6 15. Bg3 Nf5 16. c4 h5 17. c5 Nd7 18. Bc2 Nxg3 19. hxg3 Qe8 20. Nb3 Bh6 21. Bf5 Nb8 22. Qe2 Kf7 23. Bc2 Nc6 24. Rad1 Bd7 25. Qd3 f5 26. Qe2 Kg8 27. Ne5 Nxe5 28. Qxe5 Rc8 29. Bb1 Bg7 30. Qe3 Qd8 31. Nc1 Re8 32. Nd3 Bb5 33. Ne5 Qf6 34. Bd3 Bc6 35. Re2 Rf8 36. f4 Bh6 37. Qf3 g4 38. Qf2 Be8 39. Rde1 Bg7 40. Re3 Rc7 41. Kf1 Qh6 42. Ke2 Bxe5 43. Rxe5 Bf7 44. Rh1 Rfc8 45. b4 b6 46. Re3 bxc5 47. bxc5 Qf6 48. Re5 Rb7 49. Rc1 Rcb8 50. Kf1 Rb2 51. Rc2 Rb1+ 52. Re1 R1b4 53. Re5 Rb1+ 54. Ke2 Qd8 55. Rd2 R1b2 56. Ke3 R2b4 57. Qe1 Qa5 58. Rb2 Qa3 59. Rxb4 Rxb4 1-0

[Event "De Verteuil Memorial 25th"]
[Site "Port of Spain"]
[Date "2017.10.05"]
[Round "1"]
[White "Johnson, Joshua"]
[Black "Lee, Hayden"]
[Result "1-0"]
[WhiteElo "2164"]
[BlackElo "1863"]
[PlyCount "121"]
[EventDate "2017.10.05"]
[EventType "swiss"]
[EventRounds "7"]
[EventCountry "TRI"]
[SourceTitle "CBM 187 Extra"]
[Source "ChessBase"]
[SourceDate "2018.11.04"]
[SourceVersion "1"]
[SourceVersionDate "2018.11.04"]
[SourceQuality "1"]

1. e4 c5 2. Nf3 b6 3. d4 cxd4 4. Nxd4 Bb7 5. Nc3 g6 6. Be3 Bg7 7. f3 a6 8. Qd2 d6 9. 0-0-0 Nd7 10. h4 h5 11. Bg5 Rc8 12. g3 b5 13. Bh3 Rc4 14. Qe3 Qc7 15. Kb1 Ngf6 16. Bf1 Rc5 17. Nb3 Rc6 18. Nd5 Qd8 19. Qa7 Bc8 20. Qa8 Nxd5 21. Qxc6 Nb4 22. Qa8 Qc7 23. c3 Nb6 24. Qxc8+ Qxc8 25. cxb4 0-0 26. Bxe7 Re8 27. Bxd6 Na4 28. Rd2 Qe6 29. Bf4 Qf6 30. Rhh2 Qe7 31. Bd6 Qa7 32. Nc5 Nb6 33. f4 Qa8 34. Rhf2 Qc8 35. e5 Nc4 36. Bxc4 bxc4 37. a3 Qg4 38. Ne4 Qf5 39. Rfe2 f6 40. Ka2 fxe5 41. fxe5 Qf3 42. Nc3 Qxg3 43. Rg2 Qe3 44. Rde2 Qh6 45. Rg5 Qh7 46. Nd5 Kh8 47. Reg2 Qg8 48. Ne7 Rxe7 49. Bxe7 c3+ 50. b3 Qe6 51. Bf6 Bxf6 52. exf6 Qxf6 53. Rxg6 Qf8 54. Rg8+ Qxg8 55. Rxg8+ Kxg8 56. a4 Kf7 57. Kb1 Kf6 58. Kc2 Kf5 59. b5 axb5 60. a5 Kg4 61. a6 1-0

[Event "Port of Spain op 44th"]
[Site "Port of Spain"]
[Date "2017.06.01"]
[Round "7"]
[White "Lee, Hayden"]
[Black "Ramos Caldera, Cesar"]
[Result "0-1"]
[WhiteElo "1845"]
[BlackElo "2010"]
[PlyCount "66"]
[EventDate "2017.04.20"]
[EventType "swiss"]
[EventRounds "7"]
[EventCountry "TRI"]
[SourceTitle "EXT 2018"]
[Source "ChessBase"]
[SourceDate "2017.10.13"]
[SourceVersion "1"]
[SourceVersionDate "2017.10.13"]
[SourceQuality "1"]

1. d4 d5 2. Nf3 Bf5 3. e3 e6 4. Ne5 Nd7 5. g4 Be4 6. f3 Qh4+ 7. Ke2 Nxe5 8. dxe5 0-0-0 9. Bg2 Bg6 10. Bd2 h5 11. Be1 Qg5 12. Qd4 hxg4 13. fxg4 Nh6 14. h3 b6 15. Bg3 Nf5 16. Qf4 Nxg3+ 17. Qxg3 f6 18. exf6 Bd6 19. Qe1 gxf6 20. Na3 Be8 21. Qf2 Qe5 22. Rhb1 Rf8 23. Kd1 Bc5 24. Ke2 f5 25. Qf4 Qg7 26. Bf3 e5 27. Qh2 e4 28. Bh1 fxg4 29. Qg2 g3 30. Rg1 Rf3 31. c3 Bxa3 32. Kd2 Bxb2 33. Kd1 Ba4+ 0-1

[Event "De Verteuil Memorial 24th"]
[Site "Port of Spain"]
[Date "2016.11.10"]
[Round "6"]
[White "Browne, Paul"]
[Black "Lee, Hayden"]
[Result "1-0"]
[WhiteElo "1846"]
[BlackElo "1872"]
[PlyCount "99"]
[EventDate "2016.10.06"]
[EventType "swiss"]
[EventRounds "7"]
[EventCountry "TRI"]
[SourceTitle "EXT 2018"]
[Source "ChessBase"]
[SourceDate "2017.10.13"]
[SourceVersion "1"]
[SourceVersionDate "2017.10.13"]
[SourceQuality "1"]

1. e4 c5 2. Nf3 g6 3. d4 cxd4 4. Nxd4 Bg7 5. Nc3 a6 6. a4 b6 7. Bc4 Bb7 8. 0-0 e6 9. Bb3 Ne7 10. f4 Nbc6 11. Be3 0-0 12. Qd2 f5 13. e5 Kh8 14. Nf3 Qc7 15. Qf2 Nc8 16. Rfd1 Rb8 17. Rd2 Na5 18. Ba2 Bc6 19. Nd4 Ba8 20. Rad1 Nc4 21. Bxc4 Qxc4 22. Nb3 Rb7 23. Rxd7 Rxd7 24. Rxd7 Qc6 25. Qd2 h6 26. a5 g5 27. axb6 gxf4 28. Bxf4 Nxb6 29. Rd6 Nc4 30. Rxc6 Nxd2 31. Rxe6 Nc4 32. Bxh6 f4 33. Nd4 Ne3 34. Rxa6 Rg8 35. Bxg7+ Kxg7 36. Ne6+ Kh7 37. Nxf4 Bxg2 38. Kf2 Ng4+ 39. Kxg2 Nxe5+ 40. Kf2 Rf8 41. Ncd5 Ng4+ 42. Kg3 Ne5 43. b3 Rg8+ 44. Kf2 Ng4+ 45. Ke2 Rg5 46. h3 Nh6 47. Ra7+ Kh8 48. Nf6 Re5+ 49. Kd3 Rg5 50. Rh7# 1-0